Macroeconomía (Registro nro. 1433)

Detalles MARC
000 -LEADER
fixed length control field 01648 a2200229 4500
001 - CONTROL NUMBER
control field 26077
005 - DATE AND TIME OF LATEST TRANSACTION
control field 20260407155542.0
008 - FIXED-LENGTH DATA ELEMENTS--GENERAL INFORMATION
fixed length control field 260407a1981 arg spa d
003 - CONTROL NUMBER IDENTIFIER
control field AR-UNSa-BCEJYS
040 ## - CATALOGING SOURCE
Original cataloging agency AR-UNSa-BCEJYS
Language of cataloging spa
Transcribing agency AR-UNSa-BCEJYS
080 ## - UNIVERSAL DECIMAL CLASSIFICATION NUMBER
Universal Decimal Classification number 330.101.541
Common auxiliary subdivision Macroeconomía
100 1# - MAIN ENTRY--PERSONAL NAME
Personal name Dornbusch, Rudiger
245 10 - TITLE STATEMENT
Title Macroeconomía
264 #1 - PRODUCTION, PUBLICATION, DISTRIBUTION, MANUFACTURE, AND COPYRIGHT NOTICE
Place of production, publication, distribution, manufacture Bogotá :
Name of producer, publisher, distributor, manufacturer McGraw-Hill Interamericana
Date of production, publication, distribution, manufacture, or copyright notice 1981
300 ## - PHYSICAL DESCRIPTION
Extent 692 p.
Dimensions 23 cm.
505 ## - FORMATTED CONTENTS NOTE
Formatted contents note 1. Introducción - 2. La contabilización del ingreso nacional - 3. La demanda agregada y equilibrio entre ingreso y producción - 4. El dinero, el interés y la renta - 5. El consumo, ingreso, riqueza y retardos - 6. Gasto de inversión - 7. La demanda de dinero - 8. El proceso de la oferta de dinero - 9. Los problemas de la política de estabilización - 10. Los años de Kennedy y Johnson, la nueva economía y el surgimiento de la inflación - 11. La oferta agregada - 12. Ingreso, precios y desempleo - 13. Inflación, producción y desempleo - 14. Presupuesto, financiación del gobierno y de la deuda pública - 15. Política de estabilización: la curva de Phillips y los intercambios, entre inflación y desempleo - 16. Política económica 1969 - 1679: Los problemas de la inflación y el desempleo - 17. El crecimiento a largo plazo - 18. La macroeconomía de una economía abierta: comercio y flujos de capital con tasas de cambio fijas - 19. Comercio y flujos de capitales con tasas de cambio flexibles.
590 ## - LOCAL NOTE (RLIN)
Local note niveau_biblio:m niveau_hierar:0
700 1# - ADDED ENTRY--PERSONAL NAME
Personal name Fischer, Stanley
700 1# - ADDED ENTRY--PERSONAL NAME
Personal name Echeverri, Rubén Dario
700 1# - ADDED ENTRY--PERSONAL NAME
Personal name Fernandez, Eduardo
942 ## - ADDED ENTRY ELEMENTS (KOHA)
Koha item type
Existencias
Withdrawn status Lost status Damaged status Not for loan Home library Current library Shelving location Date acquired Total checkouts Full call number Barcode Date last seen Price effective from Koha item type
        Biblioteca Prof. Eusebio Cleto del Rey Biblioteca Prof. Eusebio Cleto del Rey   07/04/2026   330.101.541 D713 L39348 07/04/2026 07/04/2026 Libro
        Biblioteca Prof. Eusebio Cleto del Rey Biblioteca Prof. Eusebio Cleto del Rey   07/04/2026   330.101.541 D713 L33642 07/04/2026 07/04/2026 Libro
        Biblioteca Prof. Eusebio Cleto del Rey Biblioteca Prof. Eusebio Cleto del Rey   07/04/2026   330.101.541 D713 L39346 07/04/2026 07/04/2026 Libro
        Biblioteca Prof. Eusebio Cleto del Rey Biblioteca Prof. Eusebio Cleto del Rey   07/04/2026   330.101.541 D713 L33643 07/04/2026 07/04/2026 Libro
        Biblioteca Prof. Eusebio Cleto del Rey Biblioteca Prof. Eusebio Cleto del Rey   07/04/2026   330.101.541 D713 L39347 07/04/2026 07/04/2026 Libro
        Biblioteca Prof. Eusebio Cleto del Rey Biblioteca Prof. Eusebio Cleto del Rey   07/04/2026   330.101.541 D713 L33641 07/04/2026 07/04/2026 Libro